01478nam a2200325 a 4500001001000000003000500010005001700015008004100032010001100073011001100084040000900095090001000104100004300114245019200157260004100349500006000390502010600450590004000556590004000596650004300636650003700679650004800716856007000764901000700834942001000841942000600851999001900857952013600876952014001012000112543CHAP20220329144311.0160614s2016 mx sm |||||||spa d a109004 a109976 cCHAP aTesis1 aGongora Novelo, Leandro Alexis913090410aIdentificación de hongos asociados al ácaro blanco (Polyphagotarsonemus lactus) en zarzamora (Rubus spp.) en los Réyes, Michoacánh[En línea]cpor Leandro Alexis Gongora Novelo. aChapingo, Méx. :bEl autor,c2016. aPara ver el contenido del material haga clic en la liga aTesis (Ing. Agr. Esp. en Parasitología Agrícola) -- UACH. Departamento Parasitología Agrícola aE5765TAJb05c20160614lUCH01h1114 aE5765TAJb05c20160614lUCH01h111414aÁcarosxControl biológico.913090514aHongosxIdentificación.95610514aZarzamoraxEnfermedades por hongos.9123735 aFinding aiduhttp://10.13.5.2/tesis/sist112543.pdfzTeclea aquí aBK cTESIS n0 c109004d109004 00104054718TESISaBCbBCd2016-06-14fTESISl0oTesisp33724002523355r2019-12-31 00:00:00w2019-12-31yTESISzRecien adquirido 00102local4053708TESISaBCbBCcPA_TESISd2016-06-14fTESISl0oTesisp33724002523397r2019-12-31 00:00:00tc.2w2019-12-31yTESIS